[Event "XXII OPEN INTERNACIONAL CIUTAT DE MONTCADA - Grup "]
[Site "Montcada i Reixac (Barcelona)"]
[Date "2014.06.29"]
[Round "5"]
[Board "1"]
[White "Cuartas, Jaime Alexander"]
[Black "Gomez Garrido, Camilo Ernesto"]
[Result "1/2-1/2"]
[WhiteElo "2483"]
[BlackElo "2495"]
[PlyCount "46"]
[EventDate "2014.06.25"]
[EventRounds "9"]
[EventCountry "ESP"]

1. e4 c5 2. Nf3 d6 3. Bb5+ Nd7 4. d4 cxd4 5. Qxd4 a6 6. Bc4 Ngf6 7. Nc3 e6 8.
a4 Qc7 9. O-O b6 10. Re1 Bb7 11. Bf1 Rc8 12. Be3 Be7 13. Rad1 O-O 14. Bg5 h6
15. Bh4 Ne5 16. Nd2 Rfd8 17. h3 Nc6 18. Qc4 Qb8 19. Qe2 Nd4 20. Qd3 Nc6 21. Qe2
Nd4 22. Qd3 Nc6 23. Qe2 Nd4 1/2-1/2

[Event "XXII OPEN INTERNACIONAL CIUTAT DE MONTCADA - Grup "]
[Site "Montcada i Reixac (Barcelona)"]
[Date "2014.06.29"]
[Round "5"]
[Board "2"]
[White "Ni, Hua"]
[Black "Naroditsky, Daniel"]
[Result "1-0"]
[WhiteElo "2653"]
[BlackElo "2559"]
[PlyCount "107"]
[EventDate "2014.06.25"]
[EventRounds "9"]
[EventCountry "ESP"]

1. d4 Nf6 2. c4 g6 3. Nc3 Bg7 4. e4 d6 5. Be2 O-O 6. Bg5 Na6 7. Qd2 c5 8. d5 e6
9. Nf3 exd5 10. exd5 Re8 11. O-O Bf5 12. Nh4 Qc8 13. Rae1 Nc7 14. Qf4 Ne4 15.
Nxe4 Bxe4 16. Qd2 b5 17. f3 Bf5 18. Nxf5 Qxf5 19. Bd3 Qd7 20. b3 b4 21. Rxe8+
Rxe8 22. g4 Bd4+ 23. Kg2 f6 24. Bf4 Qe7 25. Bg3 Bc3 26. Qc2 Qd7 27. h4 Kh8 28.
h5 g5 29. Bf5 Qe7 30. f4 gxf4 31. Bxf4 Be5 32. Re1 Qg7 33. Bc1 Qf7 34. Qd3 Re7
35. Qf3 Bc3 36. Rxe7 Qxe7 37. Be4 Qd7 38. Qf5 Qxf5 39. Bxf5 Kg7 40. h6+ Kg8 41.
Bf4 Be5 42. Bxe5 fxe5 43. Kg3 Ne8 44. g5 Nc7 45. Kg4 Na8 46. Kh5 Nb6 47. g6
hxg6+ 48. Kxg6 a5 49. Bd3 a4 50. Kf6 a3 51. Ke6 Na4 52. Kxd6 e4 53. Bxe4 Nc3
54. Ke5 1-0

[Event "XXII OPEN INTERNACIONAL CIUTAT DE MONTCADA - Grup "]
[Site "Montcada i Reixac (Barcelona)"]
[Date "2014.06.29"]
[Round "5"]
[Board "3"]
[White "Herraiz Hidalgo, Herminio"]
[Black "Zherebukh, Yaroslav"]
[Result "0-1"]
[WhiteElo "2446"]
[BlackElo "2618"]
[PlyCount "78"]
[EventDate "2014.06.25"]
[EventRounds "9"]
[EventCountry "ESP"]

1. d4 f5 2. Nf3 Nf6 3. g3 g6 4. Bg2 Bg7 5. O-O O-O 6. c4 d6 7. Nc3 Qe8 8. Re1
Qf7 9. b3 Ne4 10. Bb2 Nc6 11. Rc1 e6 12. e3 h6 13. Qe2 Nxc3 14. Bxc3 e5 15. Qb2
e4 16. Nd2 Bd7 17. f3 exf3 18. Bxf3 Kh7 19. b4 Rae8 20. Bd5 Qe7 21. Bg2 h5 22.
Nf3 Bh6 23. Bd2 Nd8 24. Re2 Nf7 25. Rce1 d5 26. cxd5 Bb5 27. Rf2 Bg7 28. Qc2
Nd6 29. e4 fxe4 30. Ng5+ Kh8 31. Rxf8+ Rxf8 32. Ne6 Bd3 33. Nxf8 Qxf8 34. Qxc7
Nc4 35. Bc3 Nd6 36. a4 Bh6 37. Bf1 Be3+ 38. Kh1 Bxf1 39. Rxe3 Qf2 0-1

[Event "XXII OPEN INTERNACIONAL CIUTAT DE MONTCADA - Grup "]
[Site "Montcada i Reixac (Barcelona)"]
[Date "2014.06.29"]
[Round "5"]
[Board "4"]
[White "Escobar Forero, Alder"]
[Black "Cori, Jorge"]
[Result "1/2-1/2"]
[WhiteElo "2445"]
[BlackElo "2608"]
[PlyCount "102"]
[EventDate "2014.06.25"]
[EventRounds "9"]
[EventCountry "ESP"]

1. e4 c5 2. Nf3 e6 3. d4 cxd4 4. Nxd4 Nc6 5. Nc3 Qc7 6. f4 a6 7. Be3 b5 8. Nb3
d6 9. Qf3 Bb7 10. Bd3 Nf6 11. O-O Nb4 12. a3 Nxd3 13. cxd3 Be7 14. Rac1 Qd8 15.
f5 O-O 16. Rc2 Nd7 17. Qg3 Kh8 18. fxe6 fxe6 19. Rxf8+ Nxf8 20. Nd4 Rc8 21. Rf2
Bf6 22. h4 Qe7 23. Bg5 Nd7 24. Qg4 Re8 25. Nf3 Rf8 26. d4 h6 27. Ne2 Qe8 28.
Nf4 Bxe4 29. Nxe6 Bxf3 30. Rxf3 hxg5 31. Nxf8 Nxf8 32. hxg5 Bd8 33. Qf5 Nh7 34.
g6 Nf6 35. Qh3+ Kg8 36. Re3 Qxg6 37. Qc8 Qb1+ 38. Kh2 Kf7 39. Qe6+ Kf8 40. Rh3
g5 41. Rh8+ Kg7 42. Rxd8 Qh7+ 43. Kg1 Qb1+ 44. Kh2 Qh7+ 45. Qh3 Qe4 46. Qg3
Qh7+ 47. Kg1 Qb1+ 48. Kh2 Qh7+ 49. Qh3 Qe4 50. Qg3 Qh7+ 51. Qh3 Qe4 1/2-1/2

[Event "XXII OPEN INTERNACIONAL CIUTAT DE MONTCADA - Grup "]
[Site "Montcada i Reixac (Barcelona)"]
[Date "2014.06.29"]
[Round "5"]
[Board "5"]
[White "Grigoryan, Karen H."]
[Black "Akshat, Khamparia"]
[Result "1-0"]
[WhiteElo "2577"]
[BlackElo "2367"]
[PlyCount "61"]
[EventDate "2014.06.25"]
[EventRounds "9"]
[EventCountry "ESP"]

1. d4 Nf6 2. c4 g6 3. Nc3 Bg7 4. e4 d6 5. Nf3 O-O 6. Be2 Bg4 7. Be3 Nfd7 8. Ng1
Bxe2 9. Ngxe2 c5 10. O-O cxd4 11. Nxd4 Nc6 12. Nde2 Qa5 13. Qd2 Rfc8 14. Rab1
a6 15. a4 Qd8 16. b3 a5 17. Rfd1 Nc5 18. f3 Nb4 19. Nb5 Qf8 20. Nf4 Be5 21. Nd5
Nxd5 22. exd5 Qg7 23. Re1 h5 24. Bh6 Qh8 25. Bg5 Re8 26. f4 Bg7 27. Bxe7 f5 28.
Bxd6 Ne4 29. Qd3 b6 30. Ba3 Bb2 31. Rbd1 1-0

[Event "XXII OPEN INTERNACIONAL CIUTAT DE MONTCADA - Grup "]
[Site "Montcada i Reixac (Barcelona)"]
[Date "2014.06.29"]
[Round "5"]
[Board "6"]
[White "Cruz, Cristhian"]
[Black "Cruz, Filemon"]
[Result "1/2-1/2"]
[WhiteElo "2563"]
[BlackElo "2412"]
[PlyCount "38"]
[EventDate "2014.06.25"]
[EventRounds "9"]
[EventCountry "ESP"]

1. d4 d5 2. c4 c6 3. Nc3 Nf6 4. cxd5 cxd5 5. Bf4 Nc6 6. e3 a6 7. Rc1 Bf5 8. Bd3
Bxd3 9. Qxd3 e6 10. Nf3 Bd6 11. Bxd6 Qxd6 12. O-O O-O 13. a3 Rac8 14. Rc2 Rc7
15. Rfc1 Rfc8 16. Na4 Na5 17. Rxc7 Rxc7 18. Rxc7 Qxc7 19. Qc3 Qxc3 1/2-1/2

[Event "XXII OPEN INTERNACIONAL CIUTAT DE MONTCADA - Grup "]
[Site "Montcada i Reixac (Barcelona)"]
[Date "2014.06.29"]
[Round "5"]
[Board "7"]
[White "Movsziszian, Karen"]
[Black "Das, Sayantan"]
[Result "0-1"]
[WhiteElo "2520"]
[BlackElo "2352"]
[PlyCount "78"]
[EventDate "2014.06.25"]
[EventRounds "9"]
[EventCountry "ESP"]

1. g3 d5 2. Bg2 Nf6 3. d3 c6 4. Nd2 h6 5. e4 e5 6. Ngf3 Bd6 7. O-O O-O 8. c3
Nbd7 9. Qc2 Re8 10. Re1 a5 11. b3 Nc5 12. Bb2 dxe4 13. dxe4 b5 14. Nf1 Qc7 15.
h3 Be6 16. Nh4 Bf8 17. Rad1 a4 18. b4 Nb7 19. Bc1 c5 20. Qb1 a3 21. Ne3 cxb4
22. cxb4 Ra4 23. Bd2 Rd8 24. Rc1 Qd7 25. Bc3 Bxh3 26. Red1 Qe6 27. Rxd8 Nxd8
28. Bf3 Nc6 29. Nd5 Qd6 30. Rd1 Nd4 31. Bxd4 exd4 32. Rxd4 Nxd5 33. Rxd5 Qxb4
34. Qxb4 Rxb4 35. g4 Rb2 36. Nf5 b4 37. Bd1 Rxa2 38. Rd8 Ra1 39. Kh2 Rxd1 0-1

[Event "XXII OPEN INTERNACIONAL CIUTAT DE MONTCADA - Grup "]
[Site "Montcada i Reixac (Barcelona)"]
[Date "2014.06.29"]
[Round "5"]
[Board "8"]
[White "Oganisian, Roman"]
[Black "Ghosh, Diptayan"]
[Result "0-1"]
[WhiteElo "2245"]
[BlackElo "2487"]
[PlyCount "60"]
[EventDate "2014.06.25"]
[EventRounds "9"]
[EventCountry "ESP"]

1. e4 e5 2. Nf3 Nc6 3. Bc4 Nf6 4. d3 Be7 5. Nc3 d6 6. a3 O-O 7. Be3 Be6 8. Bxe6
fxe6 9. O-O h6 10. b4 a6 11. d4 exd4 12. Nxd4 Qd7 13. f4 Rae8 14. Qe2 Bd8 15.
Rad1 e5 16. Qc4+ Qf7 17. Qxf7+ Rxf7 18. Nxc6 bxc6 19. fxe5 Ng4 20. Rxf7 Kxf7
21. Rf1+ Kg8 22. Bd4 Nxe5 23. Bxe5 Rxe5 24. Rf5 Re6 25. Kf2 Bf6 26. Rf3 a5 27.
bxa5 Re5 28. Ke2 Rxa5 29. Nb1 Ra4 30. Kd2 Bd4 0-1

[Event "XXII OPEN INTERNACIONAL CIUTAT DE MONTCADA - Grup "]
[Site "Montcada i Reixac (Barcelona)"]
[Date "2014.06.29"]
[Round "5"]
[Board "9"]
[White "Cori T., Deysi"]
[Black "Aroshidze, Levan"]
[Result "1-0"]
[WhiteElo "2414"]
[BlackElo "2565"]
[PlyCount "121"]
[EventDate "2014.06.25"]
[EventRounds "9"]
[EventCountry "ESP"]

1. d4 Nf6 2. Nf3 e6 3. e3 b6 4. Bd3 Bb7 5. O-O d5 6. c4 Bd6 7. Nc3 O-O 8. cxd5
exd5 9. Nb5 Be7 10. Qc2 c5 11. dxc5 bxc5 12. Rd1 Nc6 13. a3 a6 14. Nc3 Bd6 15.
b3 Kh8 16. Bb2 Qe7 17. Ne2 Rac8 18. Ng3 Ne5 19. Be2 Nxf3+ 20. Bxf3 Be5 21. Rac1
g6 22. Ne2 Rfd8 23. Bxe5 Qxe5 24. Nf4 Qe7 25. Qb2 Kg8 26. h3 Ne4 27. b4 cxb4
28. Qxb4 Qxb4 29. axb4 Rxc1 30. Rxc1 Rd7 31. Nd3 Kf8 32. Bxe4 dxe4 33. Nc5 Re7
34. Rd1 f5 35. Rd8+ Kf7 36. Rb8 Bd5 37. Nxa6 Ke6 38. Rd8 Bc4 39. Nc5+ Ke5 40.
Rd7 Rxd7 41. Nxd7+ Kd6 42. Nc5 Kc6 43. g4 Kb5 44. g5 Kxb4 45. Nd7 Bf7 46. Kg2
Be6 47. Nf6 Kc5 48. Kg3 Kd6 49. Kf4 Bc4 50. Nxh7 Be2 51. h4 Ke6 52. Nf8+ Kf7
53. Nd7 Ke6 54. Ne5 Bh5 55. Nc6 Bg4 56. Ne5 Bh5 57. Nc6 Bg4 58. Nd4+ Kd6 59.
Nb5+ Kc6 60. Nc3 Bh5 61. Ke5 1-0

[Event "XXII OPEN INTERNACIONAL CIUTAT DE MONTCADA - Grup "]
[Site "Montcada i Reixac (Barcelona)"]
[Date "2014.06.29"]
[Round "5"]
[Board "10"]
[White "Perpinya Rofes, Lluis Maria"]
[Black "Peralta, Fernando"]
[Result "1/2-1/2"]
[WhiteElo "2400"]
[BlackElo "2596"]
[PlyCount "75"]
[EventDate "2014.06.25"]
[EventRounds "9"]
[EventCountry "ESP"]

1. e4 e6 2. d4 d5 3. Nc3 Nf6 4. e5 Nfd7 5. Nce2 c5 6. c3 Nc6 7. Nf3 Qb6 8. a3
cxd4 9. cxd4 f6 10. exf6 Nxf6 11. Nc3 Bd6 12. Bd3 O-O 13. O-O e5 14. dxe5 Nxe5
15. Nxe5 Bxe5 16. Nxd5 Nxd5 17. Qh5 Bxh2+ 18. Qxh2 Nf6 19. Be3 Qb3 20. Bb1 Qf7
21. Rc1 Rd8 22. Bxa7 Be6 23. Bb6 Rd2 24. Qf4 Qd7 25. Bc2 Rd6 26. Bc5 Rd5 27. b4
h6 28. Re1 Rg5 29. Rad1 Bd5 30. f3 Qc6 31. Be4 Bxe4 32. fxe4 Rg4 33. Qd6 Qxd6
34. Rxd6 Rxe4 35. Rxe4 Nxe4 36. Rd5 Nxc5 37. bxc5 Rc8 38. Rd7 1/2-1/2

[Event "XXII OPEN INTERNACIONAL CIUTAT DE MONTCADA - Grup "]
[Site "Montcada i Reixac (Barcelona)"]
[Date "2014.06.29"]
[Round "5"]
[Board "11"]
[White "Alarcon Casellas, Rolando"]
[Black "Narciso Dublan, Marc"]
[Result "0-1"]
[WhiteElo "2378"]
[BlackElo "2538"]
[PlyCount "76"]
[EventDate "2014.06.25"]
[EventRounds "9"]
[EventCountry "ESP"]

1. d4 f5 2. Bg5 g6 3. Nc3 d5 4. h4 Bg7 5. e3 c6 6. Bd3 Qb6 7. Na4 Qa5+ 8. c3 e5
9. dxe5 Nd7 10. b4 Qc7 11. e6 Nf8 12. Rc1 Nxe6 13. c4 Ne7 14. Nf3 h6 15. Bxe7
Qxe7 16. cxd5 Qxb4+ 17. Kf1 cxd5 18. Rb1 Qd6 19. h5 g5 20. Bb5+ Bd7 21. Bxd7+
Qxd7 22. Nd4 Bxd4 23. exd4 b6 24. Rh3 O-O 25. Re3 Rac8 26. Nb2 f4 27. Ra3 Qg7
28. Nd3 Rc4 29. Qg4 Nxd4 30. Rd1 f3 31. Ne1 Rf4 32. Qg3 Ne2 33. Qh3 g4 34. Qh4
Nc3 35. Rxc3 Rxc3 36. Qd8+ Rf8 37. Qxd5+ Qf7 38. Qd4 Qc4+ 0-1

[Event "XXII OPEN INTERNACIONAL CIUTAT DE MONTCADA - Grup "]
[Site "Montcada i Reixac (Barcelona)"]
[Date "2014.06.29"]
[Round "5"]
[Board "12"]
[White "Moreno Ruiz, Javier"]
[Black "Aryan, Chopra"]
[Result "1-0"]
[WhiteElo "2486"]
[BlackElo "2242"]
[PlyCount "85"]
[EventDate "2014.06.25"]
[EventRounds "9"]
[EventCountry "ESP"]

1. d4 d5 2. c4 c6 3. Nc3 Nf6 4. cxd5 cxd5 5. Bf4 Nc6 6. e3 Bg4 7. Qb3 Na5 8.
Qa4+ Bd7 9. Qc2 Rc8 10. Bd3 e6 11. Nf3 b5 12. a3 Nc4 13. O-O Be7 14. Rfc1 O-O
15. Ne5 a5 16. Qe2 Be8 17. a4 b4 18. Nb5 Bxb5 19. axb5 Nxe5 20. Bxe5 Nd7 21.
Bg3 Qb6 22. Qd1 e5 23. Qg4 Rxc1+ 24. Rxc1 e4 25. Bf1 f5 26. Qd1 Bd8 27. Rc6 Qb7
28. Qc2 Nb6 29. Qc5 Rf7 30. Be2 Rd7 31. Bd6 b3 32. f3 Rf7 33. fxe4 fxe4 34. h3
a4 35. Bg4 Rf6 36. Be5 Rxc6 37. bxc6 Qf7 38. c7 Bxc7 39. Bxc7 Nc4 40. Qc6 Kf8
41. Be6 Qe7 42. Bxd5 a3 43. Bxc4 1-0

[Event "XXII OPEN INTERNACIONAL CIUTAT DE MONTCADA - Grup "]
[Site "Montcada i Reixac (Barcelona)"]
[Date "2014.06.29"]
[Round "5"]
[Board "13"]
[White "Arun Prasad, S."]
[Black "Teh, Eu Wen Aron"]
[Result "1/2-1/2"]
[WhiteElo "2472"]
[BlackElo "2228"]
[PlyCount "75"]
[EventDate "2014.06.25"]
[EventRounds "9"]
[EventCountry "ESP"]

1. d4 Nf6 2. Nf3 e6 3. Bg5 h6 4. Bxf6 Qxf6 5. e4 d6 6. Nc3 Nd7 7. Qd2 Qd8 8.
O-O-O Be7 9. Bd3 a6 10. e5 d5 11. Ne2 c5 12. dxc5 Nxc5 13. Nfd4 Bd7 14. f4 Qc7
15. Kb1 O-O-O 16. Qe3 Kb8 17. Rhe1 Rc8 18. c3 f5 19. g4 fxg4 20. Rg1 Nxd3 21.
Rxd3 Rcf8 22. Rxg4 g5 23. Rd1 Qc8 24. Rgg1 Be8 25. Rdf1 Bg6+ 26. Ka1 Be4 27.
Qh3 Bc5 28. fxg5 hxg5 29. Rxf8 Qxf8 30. Qg3 Qh6 31. Qxg5 Qxh2 32. a3 Bd3 33.
Nf4 Bc4 34. Nfxe6 Bxa3 35. Rg2 Qh1+ 36. Rg1 Qh2 37. Rg2 Qh1+ 38. Rg1 1/2-1/2

[Event "XXII OPEN INTERNACIONAL CIUTAT DE MONTCADA - Grup "]
[Site "Montcada i Reixac (Barcelona)"]
[Date "2014.06.29"]
[Round "5"]
[Board "14"]
[White "Sanchez, Sebastian Felipe"]
[Black "Vishnu, Prasanna. V"]
[Result "1/2-1/2"]
[WhiteElo "2375"]
[BlackElo "2459"]
[PlyCount "53"]
[EventDate "2014.06.25"]
[EventRounds "9"]
[EventCountry "ESP"]

1. e4 e5 2. Nf3 Nc6 3. Bb5 a6 4. Ba4 Nf6 5. O-O Be7 6. Re1 b5 7. Bb3 d6 8. c3
O-O 9. h3 Nb8 10. d4 Nbd7 11. Nbd2 Bb7 12. Bc2 Re8 13. Nf1 Bf8 14. Ng3 g6 15.
a4 Bg7 16. b3 d5 17. dxe5 Nxe4 18. Nxe4 dxe4 19. Bxe4 Bxe4 20. Rxe4 Nxe5 21.
Qxd8 Raxd8 22. Bg5 Nxf3+ 23. gxf3 Rb8 24. axb5 Rxe4 25. fxe4 Rxb5 26. Bf4 Bxc3
27. Rxa6 1/2-1/2

[Event "XXII OPEN INTERNACIONAL CIUTAT DE MONTCADA - Grup "]
[Site "Montcada i Reixac (Barcelona)"]
[Date "2014.06.29"]
[Round "5"]
[Board "15"]
[White "Arribas Robaina, Maritza"]
[Black "Munoz Pantoja, Miguel"]
[Result "1/2-1/2"]
[WhiteElo "2308"]
[BlackElo "2457"]
[PlyCount "31"]
[EventDate "2014.06.25"]
[EventRounds "9"]
[EventCountry "ESP"]

1. e4 d5 2. exd5 Qxd5 3. Nc3 Qa5 4. Nf3 Nf6 5. Bc4 Bg4 6. h3 Bxf3 7. Qxf3 c6 8.
O-O e6 9. d4 Nbd7 10. Ne4 Nxe4 11. Qxe4 Nf6 12. Qe2 O-O-O 13. c3 Bd6 14. a4 Qh5
15. Qxh5 Nxh5 16. Be2 1/2-1/2

[Event "XXII OPEN INTERNACIONAL CIUTAT DE MONTCADA - Grup "]
[Site "Montcada i Reixac (Barcelona)"]
[Date "2014.06.29"]
[Round "5"]
[Board "16"]
[White "Ramirez Garcia, Jorge Alberto"]
[Black "Panelo, Marcelo"]
[Result "0-1"]
[WhiteElo "2287"]
[BlackElo "2448"]
[PlyCount "80"]
[EventDate "2014.06.25"]
[EventRounds "9"]
[EventCountry "ESP"]

1. e4 c5 2. c3 Nf6 3. e5 Nd5 4. d4 cxd4 5. cxd4 d6 6. Nf3 Nc6 7. Bc4 Nb6 8. Bb3
dxe5 9. d5 Na5 10. Nc3 Bg4 11. Be3 Nxb3 12. Qxb3 Bxf3 13. gxf3 g6 14. a4 Rc8
15. a5 Nc4 16. Qxb7 Nxe3 17. fxe3 Bh6 18. Qxa7 O-O 19. Ke2 Rb8 20. Rab1 Qc8 21.
Rhc1 Rb7 22. Nb5 Qd7 23. Qa6 Rxb5 24. Qc6 Qxd5 25. Qxd5 Rxd5 26. b4 Rfd8 27.
Rc2 Rd3 28. b5 Rxe3+ 29. Kf2 Ra3 30. b6 Rb8 31. Rb5 Be3+ 32. Kg2 Kg7 33. Rxe5
Bf4 34. Rb5 Ra8 35. Rcc5 Ra2+ 36. Kf1 e6 37. b7 Rd8 38. Rb1 Rdd2 39. Rc3 Rxh2
40. Kg1 Rhg2+ 0-1

[Event "XXII OPEN INTERNACIONAL CIUTAT DE MONTCADA - Grup "]
[Site "Montcada i Reixac (Barcelona)"]
[Date "2014.06.29"]
[Round "5"]
[Board "17"]
[White "Gallart Zafra, Jaume"]
[Black "Oliva Castaneda, Kevel"]
[Result "0-1"]
[WhiteElo "2261"]
[BlackElo "2427"]
[PlyCount "68"]
[EventDate "2014.06.25"]
[EventRounds "9"]
[EventCountry "ESP"]

1. e4 c5 2. Nf3 e6 3. d4 cxd4 4. Nxd4 Nc6 5. a3 Qc7 6. Nc3 a6 7. Be2 b5 8. O-O
Bb7 9. Be3 Rc8 10. Nxc6 Qxc6 11. Qd3 Nf6 12. Rad1 d6 13. Bg5 Nxe4 14. Bf3 f5
15. Bxe4 fxe4 16. Qh3 d5 17. Ne2 Bc5 18. Qh5+ g6 19. Qh6 Bf8 20. Qh3 Bg7 21.
Nf4 Kf7 22. Bh6 Bxb2 23. Rfe1 Rhe8 24. f3 exf3 25. Qxf3 Kg8 26. Qg4 Qxc2 27.
Rxe6 Qf5 28. Qe2 Rxe6 29. Qxb2 Qe5 30. Qb4 Qe3+ 31. Kh1 Qc1 32. Rg1 Re4 33.
Nxd5 Qxg1+ 34. Kxg1 Rxb4 0-1

[Event "XXII OPEN INTERNACIONAL CIUTAT DE MONTCADA - Grup "]
[Site "Montcada i Reixac (Barcelona)"]
[Date "2014.06.29"]
[Round "5"]
[Board "18"]
[White "Palit, Somak"]
[Black "Cortes Orihuela, Javier"]
[Result "1-0"]
[WhiteElo "2411"]
[BlackElo "2155"]
[PlyCount "91"]
[EventDate "2014.06.25"]
[EventRounds "9"]
[EventCountry "ESP"]

1. e4 e5 2. Bc4 Nf6 3. d3 c6 4. Nf3 d5 5. Bb3 Bd6 6. exd5 Nxd5 7. O-O O-O 8.
Nbd2 Nd7 9. Re1 Re8 10. Ne4 Be7 11. Bd2 a5 12. a3 h6 13. Ba2 a4 14. Nc3 Nxc3
15. Bxc3 Bf6 16. Re3 e4 17. dxe4 Bxc3 18. bxc3 Nc5 19. Qd4 Qe7 20. Nh4 Qxh4 21.
Qxc5 Be6 22. Bxe6 Rxe6 23. f3 Rae8 24. Rb1 Re5 25. Qd4 Rh5 26. Qd6 Ree5 27. h3
Rhg5 28. Re2 b5 29. Rf1 Re6 30. Qb8+ Kh7 31. f4 Rc5 32. Rf3 Rc4 33. Qc8 Qe7 34.
f5 Rexe4 35. f6 Qc5+ 36. Ref2 Re1+ 37. Kh2 Qe5+ 38. g3 Re2 39. Qf8 Rxf2+ 40.
Rxf2 gxf6 41. Qxf7+ Kh8 42. Rxf6 Qe2+ 43. Rf2 Qe5 44. Qg6 Qg7 45. Qe8+ Kh7 46.
Rf7 1-0

[Event "XXII OPEN INTERNACIONAL CIUTAT DE MONTCADA - Grup "]
[Site "Montcada i Reixac (Barcelona)"]
[Date "2014.06.29"]
[Round "5"]
[Board "19"]
[White "Raghavi, N."]
[Black "Burmakin, Vladimir"]
[Result "0-1"]
[WhiteElo "2227"]
[BlackElo "2592"]
[PlyCount "103"]
[EventDate "2014.06.25"]
[EventRounds "9"]
[EventCountry "ESP"]

1. e4 c6 2. d4 g6 3. Nc3 Bg7 4. Nf3 d5 5. h3 Nh6 6. Bf4 dxe4 7. Nxe4 Nf5 8. c3
O-O 9. Qd2 Re8 10. Bd3 Nd6 11. O-O Nxe4 12. Bxe4 Nd7 13. Rad1 Nf6 14. Bc2 a5
15. c4 a4 16. Rfe1 Qa5 17. Qc1 Nd7 18. Bd6 Qd8 19. Bb4 b6 20. b3 axb3 21. Bxb3
e6 22. Qf4 Bb7 23. Ng5 Nf6 24. Bc3 Qe7 25. Qh4 Nh5 26. Nf3 Qxh4 27. Nxh4 c5 28.
Re3 Nf4 29. Kf1 Red8 30. dxc5 Rxd1+ 31. Bxd1 bxc5 32. Bxg7 Kxg7 33. Bb3 g5 34.
Nf3 f6 35. h4 g4 36. Ne1 e5 37. g3 Ne6 38. Bd1 h5 39. a3 Nd4 40. Nd3 Rc8 41.
Nb2 Kf7 42. Be2 Ke6 43. Bd3 Bc6 44. Ke1 Rb8 45. Nd1 Rb6 46. Kd2 Kd6 47. Bc2 Bf3
48. Nc3 Rb2 49. Nb5+ Kc6 50. Nxd4+ cxd4 51. Rb3 Ra2 52. Kc1 0-1

[Event "XXII OPEN INTERNACIONAL CIUTAT DE MONTCADA - Grup "]
[Site "Montcada i Reixac (Barcelona)"]
[Date "2014.06.29"]
[Round "5"]
[Board "20"]
[White "Amores Gago, Javier"]
[Black "Lorenzo De La Riva, Lazaro"]
[Result "0-1"]
[WhiteElo "2175"]
[BlackElo "2421"]
[PlyCount "56"]
[EventDate "2014.06.25"]
[EventRounds "9"]
[EventCountry "ESP"]

1. e4 c5 2. Nf3 d6 3. Bb5+ Nd7 4. c3 Ngf6 5. Qe2 a6 6. Ba4 e5 7. d4 Qc7 8. O-O
Be7 9. dxe5 dxe5 10. Nh4 O-O 11. Nf5 Nb6 12. Bc2 Bxf5 13. exf5 Nbd5 14. Nd2
Rfe8 15. Kh1 Rad8 16. Ne4 h6 17. g4 Nxe4 18. Qxe4 Bg5 19. Be3 Nxe3 20. fxe3 Rd2
21. Rad1 Red8 22. Rxd2 Rxd2 23. Rd1 Qd6 24. Qf3 Bxe3 25. Rxd2 Qxd2 26. Bb3 Bf4
27. Qg2 Qc1+ 28. Qg1 Qxb2 0-1